01245 a2200217 45000010006000000050017000060080041000230030015000640400040000790800053001192450074001720200018002462640069002643000019003335050570003521000019009227000021009417000019009627000023009817000023010045903220260407155845.0260407a arg spa d AR-UNSa-BCEJYS aAR-UNSa-BCEJYSbspacAR-UNSa-BCEJYS a339.5xComercio exterior. Comercio Internacional10aInternacionalización de empresas y tecnología de origen argentino a950-23-0191-9 1aBuenos Aires :bEUDEBA (Editorial Universitaria de Buenos Aires) a331 p.c23 cm. a1. De la industria incipiente a la exportación de tecnología: la experiencia argentina en la venta internacional de plantas industriales y obras de ingeniería (1973-1977) – 2. Los servicios de consultoría en la Argentina: oferta local y experiencia exportadora – 3. Exportación argentina de servicios de ingeniería y construcción – 4. Inversiones directas en el exterior de empresas industriales argentinas – 5. Análisis comparativo de los estudios sobre la actividad internacional de empresas argentinas propuestas para políticas publicas1 aAblin, Eduardo1 aGatto, Francisco1 aKatz, Jorge M.1 aKosacoff, Bernardo1 aSoifer, Ricardo J.